000 00284nam a22001337a 4500
008 170717b xxu||||| |||| 00| 0 eng d
020 _a405084008
041 _aeng
080 _a2
100 _a24
101 _aTEO
245 _aCRITERIA OF CERTAINTY
_cCOPE, K.L
942 _2udc
_cBK
999 _c21382
_d21382